Rau - bắp

Đã lưu trong:
書目詳細資料
主要作者: Nguyễn Vân Dương
格式: 圖書
語言:Undetermined
出版: Cần Thơ Viện Đại Học Cần Thơ - Trường Cao Đẳng Nông Nghiệp 1972
主題:
標簽: 添加標簽
沒有標簽, 成為第一個標記此記錄!
Thư viện lưu trữ: Trung tâm Học liệu Trường Đại học Cần Thơ
LEADER 00560nam a2200181Ia 4500
001 CTU_33472
008 210402s9999 xx 000 0 und d
082 |a 635 
082 |b D561 
100 |a Nguyễn Vân Dương 
245 0 |a Rau - bắp 
245 0 |c Nguyễn Vân Dương 
260 |a Cần Thơ 
260 |b Viện Đại Học Cần Thơ - Trường Cao Đẳng Nông Nghiệp 
260 |c 1972 
650 |a horticulture,vegetables 
904 |i Minh, 991029 
980 |a Trung tâm Học liệu Trường Đại học Cần Thơ